书目信息 |
| 题名: |
健身游泳
|
|
| 作者: | 海尼斯 著 ;温宇红 译 | |
| 分册: | ||
| 出版信息: | 北京 人民体育出版社 2000 |
|
| 页数: | 238页 | |
| 开本: | 19cm | |
| 丛书名: | ||
| 单 册: | ||
| 中图分类: | G861.1 | |
| 科图分类: | ||
| 主题词: | 自由泳--运动技术 | |
| 电子资源: | ||
| ISBN: | 7-5009-2052-0 | |
| 000 | 00619nam0 2200205 45 | |
| 001 | 0311171039 | |
| 005 | 20031219104121.6 | |
| 010 | @a7-5009-2052-0@dCNY13.00 | |
| 100 | @a20031117d2000 km y0chiy0120 ea | |
| 101 | 0 | @achi@ceng |
| 105 | @aa z 000yy | |
| 200 | 1 | @a健身游泳@AJian Shen You Yong@f(美)艾姆迈特·海尼斯著@F(Mei)Ai Mu Mai Te·Hai Ni Si Zhu@g温宇红译 |
| 210 | @a北京@c人民体育出版社@d2000 | |
| 215 | @a238页@c插图@d19cm | |
| 606 | 0 | @a自由泳@x运动技术 |
| 690 | @aG861.1@v4 | |
| 701 | @a海尼斯@4著 | |
| 702 | 0 | @a温宇红@AWen Yu Hong@4译 |
| 801 | @aCN@bTSTC@c20031117 | |
| 905 | @b328223-227@dG861.1@e21@f5 | |
| 健身游泳/(美)艾姆迈特·海尼斯著/温宇红译.-北京:人民体育出版社,2000 |
| 238页:插图;19cm |
| ISBN 7-5009-2052-0:CNY13.00 |
| ● |
| 相关链接 |
|
|
|
|
正题名:健身游泳
索取号:G861.1/21
 
预约/预借
| 序号 | 登录号 | 条形码 | 馆藏地/架位号 | 状态 | 备注 |
| 1 | 0328223 | 203282232 | 第四借阅区/ [索取号:G861.1/21] | 在馆 | |
| 2 | 0328224 | 203282241 | 第四借阅区/ [索取号:G861.1/21] | 在馆 | |
| 3 | 0328225 | 203282250 | 第四借阅区/ [索取号:G861.1/21] | 在馆 | |
| 4 | 0328226 | 203282269 | 第四借阅区/ [索取号:G861.1/21] | 在馆 | |
| 5 | 0328227 | 203282278 | 第一样本阅览室/ [索取号:G861.1/21] | 在馆 |